| 000 | 01174na a2200301 4500 | ||
|---|---|---|---|
| 001 | 24072 | ||
| 003 | MIRAKIL | ||
| 005 | 20181213155329.0 | ||
| 008 | 180312b tu 000 0 | ||
| 040 |
_aMilas _btur _cTR-AnCHP |
||
| 041 | _atur | ||
| 082 |
_a320.5315 _bS67 [t.y.] |
||
| 090 | _a320.5315 S67 [t.y.] | ||
| 245 |
_aSosyal demokrat düşünce atölyeleri _bEğitim -2 |
||
| 246 | _aEğitim -2 | ||
| 260 |
_a[y.y.] _b[yayl.y.] _c[t.y.] |
||
| 300 |
_akrş. s. (yaklaşık 70 s.) _btbl. _c30 sm. |
||
| 505 | _a21.yüzyıla doğru Türkiye; geleceğe dönük bir atılım stratejisi --/ 7. Beş yıllık kalkınma planı --/ 7. Beş yıllık kalkınma planı öncesinde sosyal sektörlerdeki gelişmeler 1990-1994 | ||
| 650 | _aEğitim politikaları | ||
| 650 |
_aEğitim _xTürkiye |
||
| 650 |
_aSosyal demokrasi _xTürkiye |
||
| 650 |
_aSiyaset ve yönetim _xTürkiye |
||
| 740 | _a7. Beş yıllık kalkınma planı öncesinde sosyal sektörlerdeki gelişmeler 1990-1994 | ||
| 740 | _a7. Beş yıllık kalkınma planı | ||
| 740 | _a21.yüzyıla doğru Türkiye; geleceğe dönük bir atılım stratejisi | ||
| 740 | _aEğitim-2 | ||
| 942 |
_2ddc _cBKS |
||
| 999 |
_c10636 _d10636 |
||